Képviselői beszámolók. Rövid hír

Elmentve itt :
Bibliográfiai részletek
Dokumentumtípus: Cikk
Megjelent: 1977-07-20
Sorozat:Délmagyarország 67 No. 169
Online Access:http://dmarchiv.bibl.u-szeged.hu/89491
LEADER 00377nab a2200133 i 4500
001 delm89491
005 20190529084335.0
008 190529s1977 hu o 0|| hun d
040 |a SZTE Délmagyarország Archívum  |b hun 
041 |a hun 
245 0 0 |a Képviselői beszámolók. Rövid hír  |h [elektronikus dokumentum] 
260 |c 1977-07-20 
300 |a 6 
490 0 |a Délmagyarország  |v 67 No. 169